| 000 | 00452nam a2200169Ia 4500 | ||
|---|---|---|---|
| 003 | GCL | ||
| 008 | 140319s9999 xx 000 0 ara d | ||
| 040 |
_aGCL / _cGCL |
||
| 082 | 0 | 4 |
_a811.052 _bم ق |
| 100 | 1 | _aموسى زغيب | |
| 245 | 1 | 0 |
_aقلم ودق: شعر / _cموسى زغيب |
| 260 |
_a[S.N] : _bشركة المشرق للنشر ، _c1992 |
||
| 300 | _a271 ص | ||
| 490 | _a | ||
| 650 | 0 | 4 | _aالشعر الغنائى |
| 942 |
_2ddc _cBK |
||
| 999 |
_c43098 _d43098 |
||